=LDR 00000nam 2200000 4500 =001 INLIS000000000029588 =005 20210215092021 =035 ##$$a 0010-061300000029588 =008 210215###########################0###### =041 ##$$a Ind =082 ##$$a 345.023 =090 ##$$a 345.023, Ham p =100 ##$$a Hamzah, Jur Andi =245 1#$$a Pemberantasan korupsi melalui hukum pidana nasional, oleh Jur Andi Hamzah =260 ##$$a 2007 :$b Jakarta =300 ##$$a xxii, 474 hlm, 21 cm =650 #4$$a Korupsi (dalam politik)-Aspek Hukum =850 ##$$a NBPNMAT =990 ##$$a 20801732 =990 ##$$a 20801732